[Event "Campeonato Panamericano de Ajedrez Sub-20 Femenino"]
[Site "Cochabamba - CEFED "La Tamborada""]
[Date "2019.08.05"]
[Round "8"]
[Board "8"]
[White "Lara Santana, Maria"]
[Black "Cuadros Quispe, Danae Yadira"]
[Result "1-0"]
[WhiteElo "1702"]
[BlackElo "1371"]
[PlyCount "85"]
[EventDate "2019.08.01"]
[EventRounds "9"]
[EventCountry "BOL"]

1. e4 e5 2. d4 exd4 3. Nf3 Nc6 4. Bc4 Nf6 5. e5 Ng4 6. O-O Be7 7. Re1 d6 8. e6
fxe6 9. Nxd4 Nxd4 10. Qxd4 Nf6 11. Bxe6 Bxe6 12. Rxe6 O-O 13. Bg5 Qd7 14. Re2
Kh8 15. Nc3 Qf5 16. Bh4 c5 17. Qd2 Rfe8 18. Rae1 Bf8 19. Bxf6 Rxe2 20. Bxg7+
Bxg7 21. Rxe2 Be5 22. Ne4 Qf4 23. Qxf4 Bxf4 24. g3 Be5 25. c3 Rd8 26. Nxc5 dxc5
27. Rxe5 Rd2 28. Re8+ Kg7 29. Re7+ Kg6 30. Rxb7 a5 31. a3 a4 32. Rb5 c4 33. Rb4
Kf6 34. Rxa4 Rxb2 35. Rxc4 Ra2 36. a4 Ke5 37. Rh4 Kd5 38. a5 Kc5 39. Rxh7 Kc4
40. Ra7 Kxc3 41. a6 Kc4 42. Ra8 Kb5 43. h4  1-0

[Event "Campeonato Panamericano de Ajedrez Sub-20 Femenino"]
[Site "Cochabamba - CEFED "La Tamborada""]
[Date "2019.08.05"]
[Round "8"]
[Board "9"]
[White "Francia Arzapalo, Gianella"]
[Black "Loyola Torres, Maria Gracia"]
[Result "1-0"]
[WhiteElo "1607"]
[BlackElo "1688"]
[PlyCount "83"]
[EventDate "2019.08.01"]
[EventRounds "9"]
[EventCountry "BOL"]

1. d4 Nf6 2. c4 c5 3. d5 b5 4. cxb5 a6 5. bxa6 Bxa6 6. Nc3 g6 7. Nf3 d6 8. g3
Bg7 9. Bg2 O-O 10. O-O Nbd7 11. Qc2 Qb6 12. Rd1 Rfb8 13. Rb1 Qa7 14. b3 Rb7 15.
e4 Rab8 16. Bg5 h6 17. Bf4 g5 18. Bd2 Ng4 19. h3 Nge5 20. Nxe5 Nxe5 21. Be3 Qb6
22. Kh2 Qc7 23. f4 gxf4 24. gxf4 Ng6 25. Ne2 Qd7 26. Ng3 Rc7 27. Qd2 c4 28.
bxc4 Rxb1 29. Rxb1 Nh4 30. Nh5 Bc8 31. Qf2 Ng6 32. Nxg7 Kxg7 33. f5 Nf8 34. Qh4
Nh7 35. Qxh6+ Kh8 36. Rg1 Qe8 37. Bd2 Qf8 38. Qh4 f6 39. Bh6 Qd8 40. Bg7+ Kg8
41. Bxf6 Kf8 42. Qxh7  1-0

[Event "Campeonato Panamericano de Ajedrez Sub-20 Femenino"]
[Site "Cochabamba - CEFED "La Tamborada""]
[Date "2019.08.05"]
[Round "8"]
[Board "10"]
[White "Vargas D, Crystel"]
[Black "Mamani, Anahi"]
[Result "0-1"]
[WhiteElo "1686"]
[BlackElo "1813"]
[PlyCount "115"]
[EventDate "2019.08.01"]
[EventRounds "9"]
[EventCountry "BOL"]

1. d4 Nf6 2. Nf3 g6 3. Bf4 Bg7 4. e3 d6 5. Bd3 O-O 6. O-O Nfd7 7. c3 e5 8. Bg3
f5 9. Bc4+ Kh8 10. Bh4 Qe8 11. dxe5 dxe5 12. Ng5 Nb6 13. Nf7+ Rxf7 14. Bxf7
Qxf7 15. Qd8+ Qf8 16. Qxc7 Na6 17. Qe7 Qxe7 18. Bxe7 Be6 19. Rd1 Kg8 20. Rd8+
Rxd8 21. Bxd8 Nd5 22. Na3 Kf8 23. Nb5 Ke8 24. Bh4 h6 25. e4 fxe4 26. Nd6+ Kd7
27. Nxe4 g5 28. Bg3 Bf5 29. Re1 Bxe4 30. Rxe4 Nc5 31. Re2 Ke6 32. f3 Nd3 33.
Rd2 N3f4 34. Kf2 Bf8 35. Ke1 Bc5 36. Bxf4 gxf4 37. g3 b5 38. gxf4 Nxf4 39. Kd1
Bb6 40. Kc2 Nd5 41. Kd3 Kf5 42. Ke2 Nf4+ 43. Kf1 Ke6 44. Rd1 Nd5 45. Ke2 a5 46.
Kd3 Kf5 47. c4 bxc4+ 48. Ke2 Bd4 49. Rc1 c3 50. bxc3 Nxc3+ 51. Kd3 Nxa2 52. Rb1
Nb4+ 53. Ke2 Kf4 54. Rb3 Nd5 55. Rb8 Nc3+ 56. Kf1 Kxf3 57. Rf8+ Ke4 58. Rf6  0-1

[Event "Campeonato Panamericano de Ajedrez Sub-20 Femenino"]
[Site "Cochabamba - CEFED "La Tamborada""]
[Date "2019.08.05"]
[Round "8"]
[Board "11"]
[White "Iquise Calle, Jhosselyn"]
[Black "Arce, Valeria"]
[Result "0-1"]
[WhiteElo "1329"]
[BlackElo "1246"]
[PlyCount "74"]
[EventDate "2019.08.01"]
[EventRounds "9"]
[EventCountry "BOL"]

1. e4 d6 2. d3 Nf6 3. Be2 e5 4. Nd2 Nbd7 5. c3 Be7 6. Ngf3 c6 7. h3 Qc7 8. Qc2
b5 9. a3 Bb7 10. Nf1 O-O 11. g4 Kh8 12. g5 Ng8 13. h4 f5 14. gxf6 Ngxf6 15. Ng3
Rae8 16. Ng5 Bd8 17. f4 exf4 18. Bxf4 Nxe4 19. Bxd6 Nxd6 20. d4 Nf6 21. O-O-O
h6 22. Bd3 c5 23. Rh3 c4 24. Bg6 Re7 25. Rg1 Nde4 26. N5xe4 Nxe4 27. Bxe4 Qf4+
28. Kb1 Bxe4 29. Nxe4 Qxe4 30. Qxe4 Rxe4 31. Rg6 Rf6 32. Rg1 Rff4 33. Rhg3 Bf6
34. d5 Rf2 35. d6 Ree2 36. R3g2 Rxg2 37. Rxg2 Rxg2  0-1

[Event "Campeonato Panamericano de Ajedrez Sub-20 Femenino"]
[Site "Cochabamba - CEFED "La Tamborada""]
[Date "2019.08.05"]
[Round "8"]
[Board "12"]
[White "Pacheco Arteaga, Natalia"]
[Black "Velarde Alarcon, Jhoana"]
[Result "1/2-1/2"]
[WhiteElo "1176"]
[BlackElo "1267"]
[PlyCount "55"]
[EventDate "2019.08.01"]
[EventRounds "9"]
[EventCountry "BOL"]

1. e4 c5 2. Nf3 g6 3. d4 cxd4 4. Nxd4 Bg7 5. Be3 Nc6 6. Nc3 Qc7 7. Be2 Nf6 8.
f3 d6 9. Qd2 a6 10. O-O-O Qa5 11. Nb3 Qc7 12. Bh6 O-O 13. Bxg7 Kxg7 14. Kb1 Na5
15. Nd5 Nxd5 16. exd5 Nxb3 17. cxb3 Bf5+ 18. Ka1 a5 19. Qc3+ Qxc3 20. bxc3 Rfc8
21. g4 Bd7 22. c4 Rc5 23. Kb2 b5 24. a3 bxc4 25. Bxc4 Rb8 26. Rc1 e6 27. dxe6
fxe6 28. Bd3  1/2-1/2

[Event "Campeonato Panamericano de Ajedrez Sub-20 Femenino"]
[Site "Cochabamba - CEFED "La Tamborada""]
[Date "2019.08.05"]
[Round "8"]
[Board "13"]
[White "Duarte Laconich, Jazmin"]
[Black "Barros Jardi Arce, Sarai"]
[Result "1-0"]
[WhiteElo "1429"]
[BlackElo "1182"]
[PlyCount "69"]
[EventDate "2019.08.01"]
[EventRounds "9"]
[EventCountry "BOL"]

1. e4 e6 2. Qe2 Be7 3. g3 Nc6 4. Bg2 d6 5. f4 e5 6. d3 Nf6 7. Nf3 Bg4 8. c3 Qd7
9. h3 Bxf3 10. Qxf3 Rd8 11. h4 Qg4 12. Qf2 Qc8 13. f5 d5 14. O-O dxe4 15. dxe4
Ng4 16. Qe2 Bc5+ 17. Kh1 Nf6 18. Bg5 Be7 19. Nd2 h6 20. Be3 a6 21. Kg1 Rd7 22.
Rfd1 Qd8 23. Nf1 Rxd1 24. Rxd1 Qc8 25. Nh2 O-O 26. Ng4 Rd8 27. Rf1 Kf8 28. Nxf6
Bxf6 29. Qh5 Qd7 30. g4 Qd6 31. g5 Be7 32. f6 gxf6 33. gxh6 Kg8 34. Qg4+ Kh8
35. Qg7#  1-0

[Event "Campeonato Panamericano de Ajedrez Sub-20 Femenino"]
[Site "Cochabamba - CEFED "La Tamborada""]
[Date "2019.08.06"]
[Round "9"]
[Board "1"]
[White "Monroy G., Nataly A."]
[Black "Vazquez Maccarini, Danitza"]
[Result "0-1"]
[WhiteElo "1921"]
[BlackElo "2080"]
[PlyCount "54"]
[EventDate "2019.08.01"]
[EventRounds "9"]
[EventCountry "BOL"]

1. d4 Nf6 2. Nf3 c5 3. g3 cxd4 4. Nxd4 d5 5. Bg2 e5 6. Nb3 h6 7. O-O Nc6 8. c4
Be6 9. cxd5 Nxd5 10. Bd2 Be7 11. Nc3 O-O 12. Nxd5 Bxd5 13. Bc3 Bxg2 14. Kxg2
Qb6 15. Qd5 Rad8 16. Qe4 Qb5 17. Rad1 a5 18. Rxd8 Rxd8 19. e3 Bb4 20. Rb1 a4
21. Nc1 Rd1 22. Qc2 Qf1+ 23. Kf3 e4+ 24. Kxe4 Qg2+ 25. Kf4 Bd6+ 26. Kg4 h5+ 27.
Kxh5 Qh3+  0-1

[Event "Campeonato Panamericano de Ajedrez Sub-20 Femenino"]
[Site "Cochabamba - CEFED "La Tamborada""]
[Date "2019.08.06"]
[Round "9"]
[Board "2"]
[White "Salazar Gould, Melanie"]
[Black "Hilario, Aleyla"]
[Result "0-1"]
[WhiteElo "1919"]
[BlackElo "1841"]
[PlyCount "78"]
[EventDate "2019.08.01"]
[EventRounds "9"]
[EventCountry "BOL"]

1. d4 Nf6 2. Bg5 Ne4 3. Bf4 d5 4. e3 e6 5. Bd3 Bd6 6. Bg3 Nxg3 7. hxg3 h6 8.
Nf3 Nd7 9. Nbd2 a6 10. c3 c5 11. a4 b6 12. g4 Be7 13. Qe2 Bb7 14. Nf1 c4 15.
Bc2 b5 16. Ng3 b4 17. Nh5 Bf8 18. g5 Qa5 19. Qd2 b3 20. Bb1 O-O-O 21. g6 f6 22.
O-O Rg8 23. Re1 Re8 24. Nf4 f5 25. Nh2 Bd6 26. f3 Qc7 27. Nf1 Nf8 28. Nxe6 Nxe6
29. Bxf5 Kb8 30. e4 Ref8 31. Bg4 h5 32. Bxh5 Nf4 33. Bg4 dxe4 34. fxe4 Bxe4 35.
Ne3 Nxg2 36. Nxg2 Bh2+ 37. Kh1 Rh8 38. Qe2 Bxg2+ 39. Qxg2 Bg3+  0-1

[Event "Campeonato Panamericano de Ajedrez Sub-20 Femenino"]
[Site "Cochabamba - CEFED "La Tamborada""]
[Date "2019.08.06"]
[Round "9"]
[Board "3"]
[White "Condori, Ana Paula"]
[Black "Rosado Perez, Maria Jose"]
[Result "1-0"]
[WhiteElo "1751"]
[BlackElo "1810"]
[PlyCount "55"]
[EventDate "2019.08.01"]
[EventRounds "9"]
[EventCountry "BOL"]

1. e4 c5 2. Nf3 a6 3. c3 d5 4. exd5 Qxd5 5. d4 Bg4 6. Be2 cxd4 7. cxd4 Nc6 8.
Be3 Nf6 9. Nc3 Qa5 10. O-O e6 11. h3 Bf5 12. Nh4 Bb4 13. Nxf5 Qxf5 14. Bd3 Qa5
15. Qb3 b5 16. a4 Bxc3 17. axb5 Qb4 18. Qxc3 Qxc3 19. bxc3 Ne7 20. bxa6 O-O 21.
Bg5 Ned5 22. Bxf6 gxf6 23. Be4 Nxc3 24. Bxa8 Rxa8 25. a7 Nb5 26. Ra5 Nxd4 27.
Rb1 Nc6 28. Ra6  1-0

[Event "Campeonato Panamericano de Ajedrez Sub-20 Femenino"]
[Site "Cochabamba - CEFED "La Tamborada""]
[Date "2019.08.06"]
[Round "9"]
[Board "4"]
[White "Lara Santana, Maria"]
[Black "Campos, Maria Jose"]
[Result "0-1"]
[WhiteElo "1702"]
[BlackElo "2091"]
[PlyCount "58"]
[EventDate "2019.08.01"]
[EventRounds "9"]
[EventCountry "BOL"]

1. e4 c5 2. Nf3 d6 3. d4 cxd4 4. Nxd4 Nf6 5. Nc3 g6 6. Be3 Bg7 7. f3 O-O 8. Bc4
Nc6 9. Qd2 Bd7 10. O-O-O Rc8 11. Bb3 Ne5 12. h4 h5 13. Bg5 Rc5 14. f4 Nc4 15.
Bxc4 Rxc4 16. e5 Bg4 17. Nf3 Qa5 18. exf6 exf6 19. Bxf6 Bxf6 20. Nd5 Qd8 21.
Nxf6+ Qxf6 22. Qxd6 Qf5 23. Rd2 Bxf3 24. gxf3 Rfc8 25. Rhh2 Rxf4 26. Rd5 Qf6
27. Qxf6 Rxf6 28. Rd3 Rc4 29. b3 Rcf4 {Ilegible}  0-1

[Event "Campeonato Panamericano de Ajedrez Sub-20 Femenino"]
[Site "Cochabamba - CEFED "La Tamborada""]
[Date "2019.08.06"]
[Round "9"]
[Board "5"]
[White "Bustillos, Nathalia"]
[Black "Miller, Rachel"]
[Result "0-1"]
[WhiteElo "1473"]
[BlackElo "1941"]
[PlyCount "84"]
[EventDate "2019.08.01"]
[EventRounds "9"]
[EventCountry "BOL"]

1. d4 d5 2. c4 e6 3. Nc3 a6 4. Nf3 Nf6 5. e3 Bd6 6. Bd3 Nbd7 7. O-O O-O 8. Re1
dxc4 9. Bxc4 b5 10. Bd3 c5 11. Ne4 Nxe4 12. Bxe4 Rb8 13. Bc2 Qc7 14. h3 Bb7 15.
e4 cxd4 16. Nxd4 Rbc8 17. Bb3 Nf6 18. Bxe6 fxe6 19. Nxe6 Qb8 20. Nxf8 Rxf8 21.
f3 Nh5 22. Qb3+ Kh8 23. Be3 Qe8 24. Bd4 Qg6 25. g4 Nf4 26. h4 Be7 27. h5 Nxh5
28. Be5 Nf4 29. Bxf4 Rxf4 30. Kg2 Bd6 31. Qd3 Rf8 32. Rad1 Be5 33. Rh1 Qf7 34.
Rh3 h6 35. b3 Bc8 36. Qe2 Be6 37. Rdh1 Qf4 38. Rd1 Kg8 39. Qd2 Bxg4 40. Qd5+
Kh8 41. Rhh1 Qxf3+ 42. Kg1 Qf2#  0-1

[Event "Campeonato Panamericano de Ajedrez Sub-20 Femenino"]
[Site "Cochabamba - CEFED "La Tamborada""]
[Date "2019.08.06"]
[Round "9"]
[Board "6"]
[White "Sarmiento Robles, Paula"]
[Black "Molina, Jessica"]
[Result "1/2-1/2"]
[WhiteElo "1876"]
[BlackElo "1811"]
[PlyCount "93"]
[EventDate "2019.08.01"]
[EventRounds "9"]
[EventCountry "BOL"]

1. g3 e6 2. Bg2 Nf6 3. c4 d5 4. Qc2 c6 5. Nf3 Nbd7 6. O-O Be7 7. d4 b6 8. Nbd2
Bb7 9. b3 c5 10. cxd5 Nxd5 11. Bb2 Nb4 12. Qb1 cxd4 13. Bxd4 Bf6 14. Bxf6 Nxf6
15. a3 Nbd5 16. Qb2 O-O 17. Rfd1 Qe7 18. Rac1 Rac8 19. e4 Nc7 20. Nd4 h6 21.
Re1 Rfd8 22. Nc4 Nce8 23. e5 Nd5 24. Nb5 Ra8 25. Ncd6 Nxd6 26. Nxd6 Rd7 27.
Nxb7 Rxb7 28. Bxd5 exd5 29. b4 Rc7 30. Qd4 Rxc1 31. Rxc1 Rd8 32. Rc6 Rd7 33. a4
Qd8 34. h3 Qa8 35. Rd6 Qb7 36. b5 Kf8 37. Rc6 Rd8 38. Qf4 Qe7 39. e6 d4 40.
exf7 Qxf7 41. Qxf7+ Kxf7 42. Kf1 d3 43. Ke1 Re8+ 44. Kd2 Re2+ 45. Kxd3 Rxf2 46.
Ke3 Ra2 47. Rc4  1/2-1/2

[Event "Campeonato Panamericano de Ajedrez Sub-20 Femenino"]
[Site "Cochabamba - CEFED "La Tamborada""]
[Date "2019.08.06"]
[Round "9"]
[Board "7"]
[White "Francia Arzapalo, Gianella"]
[Black "Figueroa Bernal, Julia Dennis"]
[Result "1/2-1/2"]
[WhiteElo "1607"]
[BlackElo "1837"]
[PlyCount "56"]
[EventDate "2019.08.01"]
[EventRounds "9"]
[EventCountry "BOL"]

1. d4 Nf6 2. c4 e6 3. Nc3 Bb4 4. Qc2 b6 5. e4 Bb7 6. f3 c5 7. d5 d6 8. Bd3
Bxc3+ 9. Qxc3 e5 10. Ne2 O-O 11. O-O Nbd7 12. Ng3 Re8 13. Nf5 Nf8 14. b4 Ng6
15. g3 Qc7 16. Be3 Nd7 17. b5 a5 18. a4 Rad8 19. Ra2 Bc8 20. Qe1 f6 21. h4 h5
22. Rh2 Kf7 23. Qd2 Rh8 24. Rff2 Rdg8 25. Rfg2 Rh7 26. g4 hxg4 27. Rxg4 Rh5 28.
Qg2 Rh7  1/2-1/2

[Event "Campeonato Panamericano de Ajedrez Sub-20 Femenino"]
[Site "Cochabamba - CEFED "La Tamborada""]
[Date "2019.08.06"]
[Round "9"]
[Board "8"]
[White "Chavez, Perla"]
[Black "Mamani, Anahi"]
[Result "0-1"]
[WhiteElo "1571"]
[BlackElo "1813"]
[PlyCount "40"]
[EventDate "2019.08.01"]
[EventRounds "9"]
[EventCountry "BOL"]

1. e4 c5 2. Nf3 d6 3. d4 cxd4 4. Nxd4 Nf6 5. Nc3 g6 6. Be3 Bg7 7. f3 O-O 8. Qd2
Nc6 9. O-O-O Nxd4 10. Bxd4 Be6 11. a3 a6 12. Bd3 b5 13. Ne2 Rb8 14. Qb4 a5 15.
Qd2 b4 16. axb4 axb4 17. Kb1 Qa5 18. Nc1 Ra8 19. b3 Nd5 20. Bxg7 Nc3+  0-1

[Event "Campeonato Panamericano de Ajedrez Sub-20 Femenino"]
[Site "Cochabamba - CEFED "La Tamborada""]
[Date "2019.08.06"]
[Round "9"]
[Board "9"]
[White "Loyola Torres, Maria Gracia"]
[Black "Montiel Caceres, Helen"]
[Result "1-0"]
[WhiteElo "1688"]
[BlackElo "1514"]
[PlyCount "55"]
[EventDate "2019.08.01"]
[EventRounds "9"]
[EventCountry "BOL"]

1. e4 c5 2. c3 Nf6 3. e5 Nd5 4. d4 cxd4 5. Nf3 e6 6. cxd4 d6 7. Be2 Nc6 8. Bc4
Be7 9. O-O O-O 10. Nbd2 Bd7 11. a3 dxe5 12. dxe5 Qc7 13. Re1 Rfd8 14. b4 a6 15.
Bb2 Nf4 16. Re4 Ng6 17. Qe2 Na7 18. Rc1 Bc6 19. Rg4 Rd7 20. Qe3 Rad8 21. h4 h5
22. Rxg6 Bxf3 23. Bxe6 Nc6 24. Bxd7 fxg6 25. Be6+ Kh7 26. Nxf3 Re8 27. Bf7 Rd8
28. Qe4  1-0

[Event "Campeonato Panamericano de Ajedrez Sub-20 Femenino"]
[Site "Cochabamba - CEFED "La Tamborada""]
[Date "2019.08.06"]
[Round "9"]
[Board "10"]
[White "Cuadros Quispe, Danae Yadira"]
[Black "Enriquez Coronel, Gaia Paola"]
[Result "0-1"]
[WhiteElo "1371"]
[BlackElo "1615"]
[PlyCount "60"]
[EventDate "2019.08.01"]
[EventRounds "9"]
[EventCountry "BOL"]

1. e4 c5 2. Nf3 Nc6 3. d4 cxd4 4. Nxd4 g6 5. Nc3 Bg7 6. Be3 Nf6 7. f3 O-O 8.
Qe2 Qa5 9. Nb3 Qc7 10. O-O-O a6 11. h4 b5 12. Nd5 Nxd5 13. exd5 Ne5 14. Qf2 Nc4
15. Bd4 a5 16. Bxg7 Kxg7 17. h5 a4 18. Nd2 a3 19. Qd4+ f6 20. Nxc4 bxc4 21.
Bxc4 axb2+ 22. Kxb2 Ra4 23. d6 Qxc4 24. Qxc4 Rxc4 25. dxe7 Re8 26. hxg6 hxg6
27. Rde1 Bb7 28. Re3 Bd5 29. Rd1 Be6 30. g4 Rxe7  0-1

[Event "Campeonato Panamericano de Ajedrez Sub-20 Femenino"]
[Site "Cochabamba - CEFED "La Tamborada""]
[Date "2019.08.06"]
[Round "9"]
[Board "11"]
[White "Arce, Valeria"]
[Black "Duarte Laconich, Jazmin"]
[Result "1/2-1/2"]
[WhiteElo "1246"]
[BlackElo "1429"]
[PlyCount "26"]
[EventDate "2019.08.01"]
[EventRounds "9"]
[EventCountry "BOL"]

1. d4 Nf6 2. c4 g6 3. Nc3 Bg7 4. e4 d6 5. Be2 O-O 6. Nf3 Nbd7 7. e5 dxe5 8.
dxe5 Ng4 9. e6 fxe6 10. O-O c5 11. Ng5 Nxf2 12. Qc2 Bd4 13. Nf3 Nh3+  1/2-1/2

[Event "Campeonato Panamericano de Ajedrez Sub-20 Femenino"]
[Site "Cochabamba - CEFED "La Tamborada""]
[Date "2019.08.06"]
[Round "9"]
[Board "12"]
[White "Pacheco Arteaga, Natalia"]
[Black "Vargas D, Crystel"]
[Result "0-1"]
[WhiteElo "1176"]
[BlackElo "1686"]
[PlyCount "96"]
[EventDate "2019.08.01"]
[EventRounds "9"]
[EventCountry "BOL"]

1. e4 c5 2. Nf3 Nf6 3. d4 cxd4 4. Nxd4 g6 5. Nc3 Bg7 6. Nde2 Nc6 7. g3 d6 8.
Bg2 O-O 9. h3 Be6 10. O-O Qc8 11. Kh2 Bc4 12. Nd5 Nxd5 13. exd5 Bxe2 14. Qxe2
Nd4 15. Qxe7 Nxc2 16. Rb1 Rd8 17. Bg5 Rd7 18. Qe4 Nd4 19. Rfc1 Qe8 20. b3 Qxe4
21. Bxe4 f5 22. Bg2 Re8 23. Be3 Nb5 24. Re1 Rde7 25. Bd2 Rxe1 26. Rxe1 Rxe1 27.
Bxe1 Bc3 28. Bxc3 Nxc3 29. a3 Kf7 30. f4 Kf6 31. Bf3 g5 32. fxg5+ Kxg5 33. h4+
Kf6 34. Kg2 Ke5 35. Kf2 Nxd5 36. Bxd5 Kxd5 37. Ke3 Ke5 38. h5 h6 39. a4 a5 40.
Kf3 d5 41. Ke3 d4+ 42. Kd3 Kd5 43. Kc2 Ke4 44. Kd2 d3 45. Kc3 Ke3 46. b4 axb4+
47. Kxb4 d2 48. Kb5 d1=Q  0-1